Quizzes
Events
Quiz Creation
Community
Videos
Private Events
Remove Ads
Sign In
Join for FREE
Feedback
Dark Mode
Quiz Categories
Sports
Geography
Music
Movies
Television
Just For Fun
Miscellaneous
History
Literature
Language
Science
Gaming
Entertainment
Religion
Holiday
For Kids
Quiz Lab
Recent
Popular Today
Quiz Kudos Today
Editor Picks
Curator Picks
Quizzes by...
Day
Popularity
Type
Ratings
Length
Year
Community
Subscriptions
Recent Discussions
Orange Saloon
Badges
Playlists
Quests
Create
Leaderboards
Showdown
Live 5
Trivia Bingo
Activity
Puzzle Library
Sporcle Events
Private Events
Virtual Trivia
Globe League
Become a Host
Pub Owners
SporcleCon
Opinionation
Our Games
Videos
Blog
Mobile Apps
Partnerships
Remove Ads and Go Orange
Feedback
Sports
Athletes
MLB
NBA
NHL
NFL
Soccer
Sports Teams
WWE
NCAA
Football
Premier League
Basketball
Baseball
Hockey
Golf
Tennis
Cricket
Rugby
Auto Racing
Olympics
World Cup
Sports
Athletes
MLB
NBA
NHL
NFL
Soccer
Sports Teams
WWE
NCAA
Football
Premier League
Basketball
Baseball
Hockey
Golf
Tennis
Cricket
Rugby
Auto Racing
Olympics
World Cup
Random Quiz
Search Sporcle
×
Quiz Lab
Quiz Lab
Sports
Football
Type in answers that appear in a list
Type in answers that appear in a list
Classic
Best Score? Go Orange.
Opening Day Lineups: Athletics 1968-1987 Stats
Can you name the Opening Day Starters for the Oakland A's 1968-1987?
By
jaysee
15m
195 Questions
749 Plays
749 Plays
749 Plays
Comments
Comments
Give Quiz Kudos
Give Quiz Kudos
-
- Ratings
hide this ad
More Info
Replay
Link that replays current quiz
Next Quiz
Link to next quiz in quiz playlist
You Got
0%
They Got
Avg Score
69%
Avg Friend Score
Upgrade to see
Score Distribution
Jump to the score distribution portion of the page
Score
0/195
Timer
15:00
0
Plays Today
Year
Player
% Correct
1968
Reggie Jackson
99.3%
1969
Reggie Jackson
99.3%
1970
Reggie Jackson
99.3%
1971
Reggie Jackson
99.3%
1972
Reggie Jackson
99.3%
1973
Reggie Jackson
99.3%
1974
Reggie Jackson
99.3%
1975
Reggie Jackson
99.3%
1987
Reggie Jackson
99.3%
1980
Rickey Henderson
97.3%
1981
Rickey Henderson
97.3%
1982
Rickey Henderson
97.3%
1983
Rickey Henderson
97.3%
1984
Rickey Henderson
97.3%
1968
Jim 'Catfish' Hunter
95.5%
1973
Jim 'Catfish' Hunter
95.5%
1974
Jim 'Catfish' Hunter
95.5%
1971
Vida Blue
95.3%
1975
Vida Blue
95.3%
1968
Bert Campaneris
94%
1969
Bert Campaneris
94%
1970
Bert Campaneris
94%
1971
Bert Campaneris
94%
1972
Bert Campaneris
94%
1974
Bert Campaneris
94%
1975
Bert Campaneris
94%
1976
Bert Campaneris
94%
1968
Sal Bando
92.2%
1969
Sal Bando
92.2%
1970
Sal Bando
92.2%
1971
Sal Bando
92.2%
1972
Sal Bando
92.2%
1973
Sal Bando
92.2%
1974
Sal Bando
92.2%
1975
Sal Bando
92.2%
1976
Sal Bando
92.2%
1986
Jose Canseco
91.6%
1987
Jose Canseco
91.6%
1973
Gene Tenace
91.3%
1974
Gene Tenace
91.3%
1975
Gene Tenace
91.3%
1976
Gene Tenace
91.3%
1972
Joe Rudi
89.3%
1973
Joe Rudi
89.3%
1974
Joe Rudi
89.3%
1975
Joe Rudi
89.3%
1976
Joe Rudi
89.3%
1983
Carney Lansford
88.6%
1984
Carney Lansford
88.6%
1985
Carney Lansford
88.6%
1986
Carney Lansford
88.6%
1987
Carney Lansford
88.6%
1973
Billy North
84.1%
1974
Billy North
84.1%
1975
Billy North
84.1%
1976
Billy North
84.1%
1977
Billy North
84.1%
1978
Billy North
84.1%
1974
Deron Johnson
83.3%
1981
Cliff Johnson
83.2%
1969
Dick Green
82.8%
1970
Dick Green
82.8%
1971
Dick Green
82.8%
1972
Dick Green
82.8%
1973
Dick Green
82.8%
Year
Player
% Correct
1974
Dick Green
82.8%
1975
Billy Williams
80.1%
1976
Billy Williams
80.1%
1977
Earl Williams
79.7%
1973
Ray Fosse
79%
1974
Ray Fosse
79%
1980
Dwayne Murphy
78.9%
1981
Dwayne Murphy
78.9%
1982
Dwayne Murphy
78.9%
1983
Dwayne Murphy
78.9%
1984
Dwayne Murphy
78.9%
1985
Dwayne Murphy
78.9%
1986
Dwayne Murphy
78.9%
1987
Dwayne Murphy
78.9%
1981
Mike Norris
77.9%
1972
Ken Holtzman
77.7%
1975
Claudell Washington
76.7%
1976
Claudell Washington
76.7%
1983
Mike Davis
76.7%
1984
Mike Davis
76.7%
1985
Mike Davis
76.7%
1986
Mike Davis
76.7%
1987
Mike Davis
76.7%
1969
Johnny 'Blue Moon' Odom
76.3%
1970
Johnny 'Blue Moon' Odom
76.3%
1977
Tony Armas
75.9%
1978
Tony Armas
75.9%
1979
Tony Armas
75.9%
1980
Tony Armas
75.9%
1981
Tony Armas
75.9%
1982
Tony Armas
75.9%
1984
Dave Kingman
73.7%
1985
Dave Kingman
73.7%
1986
Dave Kingman
73.7%
1969
Dave Duncan
71.8%
1971
Dave Duncan
71.8%
1972
Dave Duncan
71.8%
1976
Don Baylor
69.9%
1968
Rick Monday
68.7%
1969
Rick Monday
68.7%
1970
Rick Monday
68.7%
1971
Rick Monday
68.7%
1970
Felipe Alou
68%
1971
Felipe Alou
68%
1984
Joe Morgan
66.2%
1972
Mike Epstein
66%
1977
Mitchell Page
65.8%
1979
Mitchell Page
65.8%
1978
Rick Langford
65.5%
1979
Rick Langford
65.5%
1980
Rick Langford
65.5%
1982
Rick Langford
65.5%
1983
Rick Langford
65.5%
1983
Tony Phillips
64%
1986
Tony Phillips
64%
1987
Tony Phillips
64%
1984
Steve McCatty
61.5%
1977
Wayne Gross
61.2%
1978
Wayne Gross
61.2%
1982
Wayne Gross
61.2%
1970
Don Mincher
60.4%
1971
Don Mincher
60.4%
1980
Mike Heath
60.4%
1981
Mike Heath
60.4%
1984
Mike Heath
60.4%
Year
Player
% Correct
1985
Mike Heath
60.4%
1975
Phil Garner
59.8%
1976
Phil Garner
59.8%
1977
Dick Allen
59%
1987
Curt Young
56.4%
1979
Jeff Newman
56.1%
1980
Jeff Newman
56.1%
1981
Jeff Newman
56.1%
1985
Alfredo Griffin
54.7%
1986
Alfredo Griffin
54.7%
1987
Alfredo Griffin
54.7%
1977
Manny Sanguillen
52.7%
1979
Dave Revering
51.9%
1982
Davey Lopes
51.7%
1983
Davey Lopes
51.7%
1977
Rob Picciolo
49.5%
1979
Rob Picciolo
49.5%
1980
Rob Picciolo
49.5%
1981
Rob Picciolo
49.5%
1976
Mike Torrez
48%
1977
Mike Torrez
48%
1986
Mickey Tettleton
47.9%
1987
Mickey Tettleton
47.9%
1983
Kelvin Moore
47.3%
1978
Jim Essian
46.8%
1980
Jim Essian
46.8%
1973
Dal Maxvill
46.3%
1977
Rodney Scott
45.5%
1986
Dusty Baker
45.2%
1984
Bruce Bochte
45.1%
1985
Bruce Bochte
45.1%
1984
Donnie Hill
44.8%
1985
Donnie Hill
44.8%
1970
Frank Fernandez
44.5%
1978
Mario Guerrero
44.1%
1980
Mario Guerrero
44.1%
1982
Jim Spencer
42.9%
1985
Chris Codiroli
42.8%
1986
Chris Codiroli
42.8%
1979
Mickey Klutts
41.4%
1980
Mickey Klutts
41.4%
1969
Danny Cater
41.2%
1979
Mike Edwards
41.2%
1985
Dave Collins
41%
1981
Shooty Babitt
40.6%
1987
Rob Nelson
40.6%
1978
Miguel Dilone
40.4%
1979
Miguel Dilone
40.4%
1973
Billy Conigliaro
39.8%
1981
Dave McKay
39.4%
1983
Jeff Burroughs
38.8%
1968
John Donaldson
36.9%
1979
Glenn Burke
36.5%
1982
Dan Meyer
36.1%
1982
Fred Stanley
36.1%
1972
Bobby Brooks
34.4%
1982
Bob Kearney
34.2%
1983
Bob Kearney
34.2%
1978
Gary Alexander
33.2%
1968
Jim Pagliaroni
32%
1968
Ramon Webster
30.3%
1978
Gary Thomasson
30.3%
1969
Mike Hershberger
29.4%
1978
Steve Staggs
27%
1968
Jim Gosger
24.9%
Quiz Playlist
Details
Report
Send in Message
Add To Playlist
More Info:
Can you name all of the Opening Day Starters for the Oakland A's from 1968 to 1987?
Classic:
Type in answers that appear in a list
Quiz Source
Last Updated: Jun 14, 2022
Quiz Scoreboard
CHALLENGE
Sign Up to Join the Scoreboard
Show All
Scores
Hide
Comments
May contain spoilers
Recently Published
Presidents Visiting Landmarks
by Hejman
History
7m
An Introduction to Baseball
by treessimontrees
Sports
5m
Movies - When Are They Set?
by FPL_Elf
Movies
5m
More to Explore
Quiz From the Vault
Featured Blog Post
Where Did the Easter Bunny Come From?
hide this ad
You Might Also Like...
Tags
Athletes Quiz
Football Quiz
Oakland
Opening Day Starters
Player
Starter
Today's Top Quizzes in Sports
Browse Sports
hide this ad
Today's Top Quizzes in Football
Browse Football
Top Contributed Quizzes in Sports
1
Les meilleurs buteurs des matchs entre le PSG et l’OM
2
2022 World Cup Stars
3
FIFA Club World Cup Champions
4
Les entraîneurs de l'OM et du PSG au 21e siècle
5
Name the Premier League winners with different clubs
6
5-to-1: UK Sports Teams
7
La finale Lions - Afrique du Sud 2021
8
Criteria MLB: Left Handed Sluggers
9
AFC Teams Reveal (Wrong Answers Minefield)
10
England Test cricketers to play under Nasser Hussain
Explore More
Trending Topics
Crossword
Disney
Marvel
Kpop
Harry Potter
Anime
NBA
WWE
Soccer
Song
Pokémon
NFL
Puzzle
The Office
Country
hide this ad
More By:
jaysee
Quiz
Plays
Rating
Category
Featured
Created
NBA All-Stars by Current Team
968,775
4.20
Sports
Feb 2, 2011
MLB Most Seasons with 20+ HR
57,089
4.50
Sports
Oct 8, 2013
Three-Word Bands Slot Machine III
37,062
4.32
Music
Nov 29, 2010
MLB - Opening Day All-Star Lineups
14,066
4.81
Sports
Dec 3, 2013
NFL - Top 5 Career Rushing Yards Per Draft
12,842
4.76
Sports
Nov 2, 2012
Go to Creator's Profile
Score Distribution
Quiz Creator Spotlight
jaysee
Follow
Send a Message
Quizzes Created
-
Created Quiz Play Count
-
More By This Creator
Popular Quizzes Today
1
Find the US States - No Outlines Minefield
2
Find the Countries of Europe - No Outlines Minefield
3
The Countries of the World
4
Find the US States
5
Popular People in 1961
6
US States
7
Risky Map Clicking: Biggest States A-Z
8
Movies - When Are They Set?
More Sports Quizzes
Manchester City's Best XI's FIFA 10 to EA Sports FC 24
Quiz Lab
Trending Quizzes
Risky Map Clicking: Least Populous States A-Z
1-10 Letter G Words
1-10 Letter F Words
Risky Map Clicking: Next State Alphabetically
Risky Map Clicking: Biggest States A-Z
Recently Updated
Leaping Animals
pecheneg
Reality TV Shows (A-Z)
bhenderson79
Rickey Henderson's Hall of Fame Teammates
pecheneg
Champions League XIs: Arsenal
pecheneg
Quick Pick: Celebrities in WWE's Hall of Fame
aduchscher
A-Z Keypad Blitz II
pecheneg
Multiple Oscar Actors
pecheneg
Mystery Phrase Blitz: Oscar 'Best Actors'
pecheneg
F. Scott Fitzgerald Novels
LTH
Pick 3 Villains
ddd62291
Trending Topics
Disney
Kpop
NBA
Crossword
Anime
Harry Potter
Marvel
Song
Soccer
Pokémon
The Office
NFL
Country
WWE
Puzzle
Your Account Isn't Verified!
In order to create a playlist on Sporcle, you need to verify the email address you used during registration. Go to your
Sporcle Settings
to finish the process.
Report this User
Report this user for behavior that violates our
Community Guidelines
.
Details:
Send Report
Go to the Sporcle.com Mobile Site →
Comments